000 00596cam a22002173a 4500
001 39391
003 PGUSA
005 20140828083857.0
008 120406s2012||||xxu|||||s|||||000 | eng d
040 _aPGUSA
_beng
042 _adc
100 1 _aJammes, Francis,
_d1868-1938
245 1 0 _aDer Hasenroman
_h[electronic resource] /
_cFrancis Jammes
260 _bProject Gutenberg,
_c2012
506 _aPublic domain in the USA.
516 _aElectronic text
700 1 _aHegner, Jakob
830 0 _aProject Gutenberg
_v39391
856 4 0 _uhttp://www.gutenberg.org/ebooks/39391
942 _cEB
999 _c268644
_d268644